[Event "10th Vellmar Chess Days"]
[Site "chess24.com"]
[Date "2018.07.15"]
[Round "7.22"]
[White "Boder, Jan"]
[Black "Powalla, Christian"]
[Result "1/2-1/2"]
[WhiteElo "1848"]
[BlackElo "1812"]
[PlyCount "120"]
[EventDate "2018.??.??"]
[WhiteTeam "Deutschland"]
[BlackTeam "Deutschland"]
[WhiteTeamCountry "GER"]
[BlackTeamCountry "GER"]
[WhiteClock "1:30:30"]
[BlackClock "1:30:30"]

1. c4 e5 2. g3 Nf6 3. Bg2 Nc6 4. Nc3 Be7 5. e4 d6 6. Nge2 Be6 7. d3 Qd7 8. a3
Bh3 9. O-O Bxg2 10. Kxg2 O-O 11. f4 exf4 12. Nxf4 Nd4 13. Be3 Ne6 14. b4 a5 15.
b5 Nc5 16. a4 Ng4 17. Bg1 Nh6 18. d4 Ne6 19. Nfd5 f5 20. Qd3 fxe4 21. Nxe4 Rae8
22. Nxe7+ Qxe7 23. Rae1 Rxf1 24. Qxf1 Rf8 25. Qe2 Ng5 26. Nxg5 Qxg5 27. Be3 Qf6
28. Bxh6 Qxh6 29. Qe6+ Qxe6 30. Rxe6 Kf7 31. Re2 Rd8 32. Kf3 b6 33. Kf4 Kf6 34.
h4 h5 35. d5 Rh8 36. Re6+ Kf7 37. Kg5 Rh7 38. Re4 Rh6 39. Re3 Kf8 40. Re6 Rh8
41. Kg6 Rh6+ 42. Kf5 Rh8 43. g4 hxg4 44. Kxg4 Kf7 45. Kg5 Rh7 46. h5 Rh8 47.
Re4 Rh6 48. Rf4+ Ke7 49. Rf5 Ke8 50. Rf2 Ke7 51. Re2+ Kf7 52. Re6 Rh8 53. Re1
Rh6 54. Rf1+ Ke7 55. Rf3 Ke8 56. Re3+ Kf7 57. Re6 Rh8 58. Kg4 Rh7 59. Kg5 Rh8
60. Kg4 Rh7 1/2-1/2

[Event "10th Vellmar Chess Days"]
[Site "chess24.com"]
[Date "2018.07.15"]
[Round "7.23"]
[White "Gerhardt, Dirk"]
[Black "Pabst, Olaf"]
[Result "1-0"]
[WhiteElo "1904"]
[BlackElo "1593"]
[PlyCount "57"]
[EventDate "2018.??.??"]
[WhiteTeam "Deutschland"]
[BlackTeam "Deutschland"]
[WhiteTeamCountry "GER"]
[BlackTeamCountry "GER"]
[WhiteClock "1:30:30"]
[BlackClock "1:30:30"]

1. d4 d5 2. Nf3 Nc6 3. c3 Bf5 4. h3 Qd7 5. Bf4 e6 6. Nbd2 Bd6 7. Bxd6 Qxd6 8.
Nh4 Bg6 9. Nxg6 hxg6 10. e4 f6 11. Qc2 Nge7 12. Bd3 O-O-O 13. O-O-O Qf4 14.
Rhf1 f5 15. exd5 Nxd5 16. Kb1 g5 17. g3 Qd6 18. Rfe1 Nf6 19. Qb3 Rde8 20. Nc4
Qd8 21. Ne5 Na5 22. Qb4 c6 23. Nf7 Qc7 24. Nxh8 Rxh8 25. Rxe6 Ne4 26. Bxe4 fxe4
27. Re5 b6 28. Re7 Qd8 29. Rxa7 1-0

[Event "10th Vellmar Chess Days"]
[Site "chess24.com"]
[Date "2018.07.15"]
[Round "7.24"]
[White "Reitz, Theresa"]
[Black "Silini, Jalel"]
[Result "1/2-1/2"]
[WhiteElo "1879"]
[BlackElo "1702"]
[PlyCount "76"]
[EventDate "2018.??.??"]
[WhiteTeam "Deutschland"]
[BlackTeam "Deutschland"]
[WhiteTeamCountry "GER"]
[BlackTeamCountry "GER"]
[WhiteClock "1:30:30"]
[BlackClock "1:30:30"]

1. e4 e5 2. Nf3 Nc6 3. Bc4 Bc5 4. c3 Nf6 5. d3 d6 6. h3 a6 7. Bb3 h6 8. Nbd2
Bb6 9. Nf1 Be6 10. Bc2 Qd7 11. a4 g5 12. d4 exd4 13. cxd4 d5 14. e5 Ne4 15. Be3
O-O-O 16. N3h2 f6 17. f3 fxe5 18. fxe4 exd4 19. Bf2 dxe4 20. Bxe4 Bf5 21. Bxf5
Rhe8+ 22. Kd2 Qxf5 23. Qg4 Ba5+ 24. Kd1 Rd5 25. Ng3 Qxg4+ 26. Nxg4 Rf8 27. Be1
d3 28. Ne3 Re5 29. Nc4 Bxe1 30. Rxe1 Rc5 31. b3 Nd4 32. Rb1 Nxb3 33. Rxb3 Rxc4
34. Rxd3 Rxa4 35. Re6 c6 36. Rxh6 Rf2 37. Rh8+ Kc7 38. Rh7+ Kc8 1/2-1/2

[Event "10th Vellmar Chess Days"]
[Site "chess24.com"]
[Date "2018.07.15"]
[Round "7.25"]
[White "Krien, Hartmut"]
[Black "Thomasson, Staffan"]
[Result "1/2-1/2"]
[WhiteElo "1834"]
[BlackElo "1868"]
[PlyCount "42"]
[EventDate "2018.??.??"]
[WhiteTeam "Deutschland"]
[BlackTeam "Schweden"]
[WhiteTeamCountry "GER"]
[BlackTeamCountry "SWE"]
[WhiteClock "1:30:30"]
[BlackClock "1:30:30"]

1. e4 g6 2. d4 Bg7 3. f4 c5 4. Nf3 cxd4 5. Nxd4 Nc6 6. c3 Qb6 7. Nxc6 dxc6 8.
Qb3 Be6 9. Qxb6 axb6 10. a3 Nf6 11. Bd3 O-O-O 12. Bc2 Bc4 13. Be3 b5 14. Nd2
Bd3 15. Bxd3 Rxd3 16. Bd4 Nh5 17. Bxg7 Nxg7 18. O-O-O Ne6 19. g3 Nc5 20. e5
Rhd8 21. Nb1 Nb3+ 1/2-1/2

[Event "10th Vellmar Chess Days"]
[Site "chess24.com"]
[Date "2018.07.15"]
[Round "7.26"]
[White "Lange, Lars"]
[Black "Weber, Andreas"]
[Result "0-1"]
[WhiteElo "1846"]
[BlackElo "1693"]
[PlyCount "30"]
[EventDate "2018.??.??"]
[WhiteTeam "Deutschland"]
[BlackTeam "Deutschland"]
[WhiteTeamCountry "GER"]
[BlackTeamCountry "GER"]
[WhiteClock "1:30:30"]
[BlackClock "1:30:30"]

1. d4 d5 2. c4 Nc6 3. Nf3 Bg4 4. cxd5 Bxf3 5. gxf3 Qxd5 6. e3 e5 7. Nc3 Bb4 8.
Bd2 Bxc3 9. bxc3 Nf6 10. Rg1 Kf8 11. Bg2 Qd6 12. f4 exf4 13. e4 Re8 14. e5 Nxe5
15. Kf1 Qa6+ 0-1

[Event "10th Vellmar Chess Days"]
[Site "chess24.com"]
[Date "2018.07.15"]
[Round "7.27"]
[White "Woellenstein, Sebastian"]
[Black "Luke, Niko"]
[Result "1/2-1/2"]
[WhiteElo "1786"]
[BlackElo "1788"]
[PlyCount "37"]
[EventDate "2018.??.??"]
[WhiteTeam "Deutschland"]
[BlackTeam "Deutschland"]
[WhiteTeamCountry "GER"]
[BlackTeamCountry "GER"]
[WhiteClock "1:30:30"]
[BlackClock "1:30:30"]

1. e4 c5 2. Nf3 d6 3. d4 cxd4 4. Nxd4 Nf6 5. Nc3 a6 6. Be3 e5 7. Nb3 Be6 8. Be2
Be7 9. O-O O-O 10. f4 exf4 11. Bxf4 Nc6 12. Qe1 Ne5 13. Rd1 Qb6+ 14. Kh1 Rac8
15. Bf3 Nc4 16. Bc1 Rfd8 17. Nd5 Bxd5 18. exd5 Re8 19. Qg3 1/2-1/2

[Event "10th Vellmar Chess Days"]
[Site "chess24.com"]
[Date "2018.07.15"]
[Round "7.28"]
[White "Hagedorn, Alfons"]
[Black "Koronowski, Heinz-Juergen"]
[Result "1-0"]
[WhiteElo "1922"]
[BlackElo "1759"]
[PlyCount "35"]
[EventDate "2018.??.??"]
[WhiteTeam "Deutschland"]
[BlackTeam "Deutschland"]
[WhiteTeamCountry "GER"]
[BlackTeamCountry "GER"]
[WhiteClock "1:30:30"]
[BlackClock "1:30:30"]

1. e4 e5 2. Nf3 Nf6 3. Nxe5 d6 4. Nf3 Nxe4 5. Nc3 Nxc3 6. dxc3 Nc6 7. Be3 Be7
8. Bd3 Be6 9. Qd2 Qd7 10. a3 Bf6 11. O-O-O O-O-O 12. Bb5 a6 13. Bd3 Na5 14. Qe2
Qc6 15. Bd4 Bc4 16. Bxf6 Bxd3 17. Qxd3 gxf6 18. Qf5+ 1-0

[Event "10th Vellmar Chess Days"]
[Site "chess24.com"]
[Date "2018.07.15"]
[Round "7.29"]
[White "Kroemer, Alexander"]
[Black "Jungklaus, Lars"]
[Result "1-0"]
[WhiteElo "1564"]
[BlackElo "1742"]
[PlyCount "41"]
[EventDate "2018.??.??"]
[WhiteTeam "Deutschland"]
[BlackTeam "Deutschland"]
[WhiteTeamCountry "GER"]
[BlackTeamCountry "GER"]
[WhiteClock "1:30:30"]
[BlackClock "1:30:30"]

1. e4 c5 2. Nf3 g6 3. d4 cxd4 4. Nxd4 Bg7 5. Nc3 Nc6 6. Be3 Nf6 7. Be2 O-O 8.
Qd2 d5 9. Nxc6 bxc6 10. e5 Ng4 11. Bxg4 Bxg4 12. h3 Bd7 13. f4 f6 14. O-O-O
fxe5 15. fxe5 Bxe5 16. Nxd5 Bxb2+ 17. Kxb2 cxd5 18. Qxd5+ e6 19. Qxd7 Rb8+ 20.
Ka1 Rb1+ 21. Kxb1 1-0

[Event "10th Vellmar Chess Days"]
[Site "chess24.com"]
[Date "2018.07.15"]
[Round "7.30"]
[White "Michels, Fabio"]
[Black "Ruhl, Marcel"]
[Result "1/2-1/2"]
[WhiteElo "1729"]
[BlackElo "1721"]
[PlyCount "87"]
[EventDate "2018.??.??"]
[WhiteTeam "Deutschland"]
[BlackTeam "Deutschland"]
[WhiteTeamCountry "GER"]
[BlackTeamCountry "GER"]
[WhiteClock "1:30:30"]
[BlackClock "1:30:30"]

1. c4 Nf6 2. g3 g6 3. Bg2 Bg7 4. Nc3 e5 5. e4 Nc6 6. Nge2 d6 7. O-O O-O 8. h3
Nd7 9. d3 Nc5 10. a3 a5 11. f4 f5 12. Rb1 fxe4 13. dxe4 Be6 14. b4 axb4 15.
axb4 Nd7 16. Nd5 Ne7 17. Be3 c6 18. Nxe7+ Qxe7 19. Qc2 exf4 20. Nxf4 Ne5 21. c5
Nc4 22. cxd6 Qd7 23. Nxe6 Qxe6 24. Qb3 Ra3 25. Rxf8+ Bxf8 26. Qc2 Nxe3 27. Qc1
Nc4 28. Bf1 Kg7 29. Qxc4 Qxc4 30. Bxc4 Rxg3+ 31. Kh2 Bxd6 32. Kh1 Rxh3+ 33. Kg2
Re3 34. b5 Rxe4 35. Bf1 Rb4 36. Rd1 Be7 37. Rd7 Kf6 38. Rxb7 cxb5 39. Rxb5 Rxb5
40. Bxb5 h5 41. Kh3 g5 42. Bd7 Ke5 43. Bc8 h4 44. Kg4 1/2-1/2

[Event "10th Vellmar Chess Days"]
[Site "chess24.com"]
[Date "2018.07.15"]
[Round "7.31"]
[White "Hofschlag, Dirk"]
[Black "Krausse, Eckhard"]
[Result "1/2-1/2"]
[WhiteElo "1708"]
[BlackElo "1974"]
[PlyCount "92"]
[EventDate "2018.??.??"]
[WhiteTeam "Deutschland"]
[BlackTeam "Deutschland"]
[WhiteTeamCountry "GER"]
[BlackTeamCountry "GER"]
[WhiteClock "1:30:30"]
[BlackClock "1:30:30"]

1. b3 d5 2. Bb2 c5 3. e3 Nc6 4. d3 Nf6 5. Nc3 e5 6. Nce2 Bd6 7. Qd2 O-O 8. Nh3
b5 9. a3 Bb7 10. Ng3 a5 11. c4 Ba6 12. cxd5 Nxd5 13. Be2 Rc8 14. O-O Nce7 15.
Rac1 Ng6 16. Ne4 Be7 17. d4 cxd4 18. Rxc8 Qxc8 19. exd4 Ndf4 20. Nxf4 Nxf4 21.
Rc1 Qf5 22. Ng3 Qg5 23. Qxa5 Bb7 24. Bf1 e4 25. Qxb5 Bd5 26. Qd7 e3 27. fxe3
Nxg2 28. Bxg2 Qxe3+ 29. Kh1 Bxg2+ 30. Kxg2 Qd2+ 31. Kh3 Qxb2 32. Rc7 Bxa3 33.
Rb7 Qc3 34. Kg2 Qd2+ 35. Kh3 Qh6+ 36. Kg2 Qg5 37. Kh3 h5 38. Rb5 Rd8 39. Rxg5
Rxd7 40. d5 Rb7 41. Nxh5 Rxb3+ 42. Rg3 Rxg3+ 43. Nxg3 Kf8 44. Kg4 Ke7 45. Kf5
Bd6 46. Kg5 g6 1/2-1/2

[Event "10th Vellmar Chess Days"]
[Site "chess24.com"]
[Date "2018.07.15"]
[Round "7.32"]
[White "Kuschel, Heidi"]
[Black "Werner, Rosalie"]
[Result "1-0"]
[WhiteElo "1734"]
[BlackElo "1564"]
[PlyCount "161"]
[EventDate "2018.??.??"]
[WhiteTeam "Deutschland"]
[BlackTeam "Deutschland"]
[WhiteTeamCountry "GER"]
[BlackTeamCountry "GER"]
[WhiteClock "1:30:30"]
[BlackClock "1:30:30"]

1. Nf3 d5 2. g3 Nf6 3. Bg2 e6 4. O-O Be7 5. b3 c5 6. d4 Nc6 7. Bb2 O-O 8. Nbd2
b6 9. c4 Bb7 10. Rc1 Rc8 11. cxd5 exd5 12. dxc5 Bxc5 13. Qc2 h6 14. a3 Re8 15.
Qd1 Qe7 16. b4 Bd6 17. e3 Be5 18. Bxe5 Nxe5 19. Nxe5 Qxe5 20. Nb3 Ne4 21. Qd4
Qe6 22. Qb2 Qf6 23. Nd4 Nd6 24. Bh3 Rxc1 25. Qxc1 Ba6 26. Rd1 Bc4 27. Rd2 Ne4
28. Rb2 Rd8 29. b5 Ng5 30. Bg2 Qd6 31. h4 Ne6 32. Nc6 Rd7 33. a4 Nc5 34. Qd1 d4
35. Qxd4 Qe6 36. Qe5 Rd1+ 37. Kh2 Qxe5 38. Nxe5 Nd3 39. Nxd3 Bxd3 40. g4 Rc1
41. Rd2 Rc3 42. Bd5 Bc2 43. e4 Bxa4 44. Ra2 Bxb5 45. Rxa7 Bc4 46. Rc7 b5 47.
Bxf7+ Kf8 48. Bd5 Bxd5 49. Rxc3 Bxe4 50. Rb3 Bc6 51. Kg3 Kf7 52. Kf4 Kf6 53.
Rd3 Bg2 54. Rd1 g5+ 55. Kg3 Ba8 56. Rd6+ Kg7 57. hxg5 hxg5 58. Rb6 Be4 59. Rxb5
Kh6 60. Kh2 Bf3 61. Rb4 Kg6 62. Kg1 Kf6 63. Kf1 Ke5 64. Ke1 Be4 65. Ke2 Bc6 66.
Ke3 Bd7 67. f4+ gxf4+ 68. Rxf4 Be6 69. g5 Bf5 70. Kf3 Ke6 71. Kg3 Ke5 72. Rf2
Ke6 73. Kh4 Ke5 74. Kh5 Ke6 75. Kh6 Bd3 76. g6 Bc4 77. g7 Ke7 78. Kh7 Bd3+ 79.
Kh8 Bc4 80. g8=Q Bxg8 81. Kxg8 1-0